000 02425 a2200253 4500
001 26841
005 20260407155545.0
008 260407a1998 arg spa d
003 AR-UNSa-BCEJYS
040 _aAR-UNSa-BCEJYS
_bspa
_cAR-UNSa-BCEJYS
080 _a347.736
_xQuiebra. Insolvencia. Suspensión de pagos. Bancarrota, procedimientos. Derecho Concursal
245 1 0 _aConcursos y Quiebras
020 _a950-20-1020-5
250 _a5a. ed
264 1 _aBuenos Aires :
_bAbeledo Perrot
_c1998
300 _a690 p.
_c22 cm.
505 _a1. Introducción - 2. Premisas histórica del derecho concursal - 3. Derecho concursal, teoría genral - 4. Principios generales de la ley - 5. El concurso preventivo - 6. Apertura del concurso preventivo - 7. Efectos de la apertura del concurso preventivo - 8. Trámites y efectos hasta el acuerdo - 9. Contenido de la propuesta de acuerdo preventivo - 10. Impugnación, homolagación y efectos del acuerdo - 11. Cumplimiento, nulidad e incumplimiento del acuerdo homologado - 12. Consideraciones generales acerca del concurso grupal - 13. Caracteres generales del acuerdo preventivo - 14. La quiebra.Presupuestos generales - 15. La sentencia de quiebra - 16. Conversión de la quiebra en concurso preventivo - 17. Recursos contra la sentencia de quiebra - 18. Efectos de la quiebra. Efectos personales respecto e3l fallido - 19. Desapoderamiento - 20. Período de sospecha. Efectos - 21. Efectos de la quiebra sobre las relaciones jurídicas preexistentes - 22. Efectos de la quiebra sobre determinadas relaciones jurídicas en particular - 23. Extensión de la quiebra - 24. Incautación, conservación y administración de los bienes - 25. La quiebra: Período informativo - 26. Liquidación de la quiebra.Realiación de bienes - 27. Conclusión de la quiebra - 28. Clausura del procedimiento de la quiebra .Distribución final - 29. Inhabilitación del fallido.Términos y efectos - 30. Privilegios - 31. Funcionarios y empleados de los concursos - 32. Regulación de hnorarios - 33. Reglas procesales - 34. Quiebras de menor envergadura - 35. Disposiciones transitorias y complementarias.
041 _aspa
942 _cBK
590 _aniveau_biblio:m niveau_hierar:0
100 1 _aGarrone, José Alberto
700 1 _aBonfanti, Mario Alberto
856 4 1 _uhttps://biblioeco.unsa.edu.ar/pmb/images/libros/Concursos y Quiebras-l70418.jpg
_yImagen de portada
_qimage/jpeg
999 _c1502
_d1502